<?xml version="1.0" encoding="UTF-8"?>
<record
    xmlns:xsi="http://www.w3.org/2001/XMLSchema-instance"
    xsi:schemaLocation="http://www.loc.gov/MARC21/slim http://www.loc.gov/standards/marcxml/schema/MARC21slim.xsd"
    xmlns="http://www.loc.gov/MARC21/slim">

  <leader>00907nam a2200217 i 4500</leader>
  <controlfield tag="001">46041</controlfield>
  <controlfield tag="003">ES-MaACL</controlfield>
  <controlfield tag="005">20250808084602.0</controlfield>
  <controlfield tag="007">t|</controlfield>
  <controlfield tag="008">030327s1843    sp           ||||1| spa d</controlfield>
  <datafield tag="245" ind1="0" ind2="0">
    <subfield code="a">Concordancia entre el C&#xF3;digo civil franc&#xE9;s y los c&#xF3;digos civiles extrangeros / </subfield>
    <subfield code="c">traducida del franc&#xE9;s por F. Verlanga Huerta y J. Mu&#xF1;iz Miranda.</subfield>
  </datafield>
  <datafield tag="260" ind1=" " ind2=" ">
    <subfield code="a">Madrid : </subfield>
    <subfield code="b">[s.n.], </subfield>
    <subfield code="c">1843 (</subfield>
    <subfield code="f">Imp. de Jenes)</subfield>
  </datafield>
  <datafield tag="300" ind1=" " ind2=" ">
    <subfield code="a">XXIX, 328 p. ; </subfield>
    <subfield code="c">27 cm.</subfield>
  </datafield>
  <datafield tag="505" ind1="8" ind2=" ">
    <subfield code="a">Contiene el texto de los c&#xF3;digos: 1&#xBA;. Franc&#xE9;s. 2&#xBA;. De las Dos Sicilias. 3&#xBA;. De la Luisiana. 4&#xBA;. Sardo. 5&#xBA;. Del cant&#xF3;n de Vaud. 6&#xBA;. Holand&#xE9;s. 7&#xBA;. B&#xE1;varo...</subfield>
  </datafield>
  <datafield tag="650" ind1="0" ind2="4">
    <subfield code="a">Derecho civil-</subfield>
    <subfield code="z">Francia.</subfield>
    <subfield code="9">11665</subfield>
  </datafield>
  <datafield tag="650" ind1=" " ind2="7">
    <subfield code="a">Derecho civil-</subfield>
    <subfield code="z">Europa</subfield>
    <subfield code="2"></subfield>
    <subfield code="9">171511</subfield>
  </datafield>
  <datafield tag="700" ind1="1" ind2=" ">
    <subfield code="a">Verlanga Huerta, Ferm&#xED;n.</subfield>
    <subfield code="9">114143</subfield>
  </datafield>
  <datafield tag="700" ind1="1" ind2=" ">
    <subfield code="a">Mu&#xF1;iz Miranda, Juan.</subfield>
    <subfield code="9">84278</subfield>
  </datafield>
  <datafield tag="852" ind1=" " ind2=" ">
    <subfield code="a">ES-MaACL</subfield>
    <subfield code="j">B-4294</subfield>
  </datafield>
  <datafield tag="999" ind1=" " ind2=" ">
    <subfield code="c">46041</subfield>
    <subfield code="d">46041</subfield>
  </datafield>
  <datafield tag="952" ind1=" " ind2=" ">
    <subfield code="0">0</subfield>
    <subfield code="1">0</subfield>
    <subfield code="4">0</subfield>
    <subfield code="7">0</subfield>
    <subfield code="8">LIBXIX</subfield>
    <subfield code="a">ATENEOM</subfield>
    <subfield code="b">ATENEOM</subfield>
    <subfield code="c">SPB</subfield>
    <subfield code="d">2008-01-17</subfield>
    <subfield code="e">SC</subfield>
    <subfield code="l">0</subfield>
    <subfield code="o">B-4294</subfield>
    <subfield code="p">1048437</subfield>
    <subfield code="r">2023-02-23 00:00:00</subfield>
    <subfield code="w">2023-02-23</subfield>
    <subfield code="y">MONANT</subfield>
  </datafield>
</record>
